[Event "English Schools Championship Final 2024"]
[Site "Nottingham University Kings Meadow Campus, United Kingdom"]
[Date "2024.06.27"]
[Round "3.52"]
[White "Khan, Raayaan"]
[Black "Walsh, Zac"]
[Result "1/2-1/2"]
[TimeControl "G50' + 10\" per move."]
[WhiteElo "1690"]
[BlackElo "1617"]

1. e4 {[%clk 00:50:17]} {[%emt 00:00:02]} c5 {[%clk 00:50:12]} {[%emt
00:00:08]} 2. Nf3 {[%clk 00:50:20]} {[%emt 00:00:07]} d6 {[%clk 00:50:14]}
{[%emt 00:00:08]} 3. d4 {[%clk 00:50:22]} {[%emt 00:00:08]} cxd4 {[%clk
00:50:17]} {[%emt 00:00:07]} 4. Nxd4 {[%clk 00:50:17]} {[%emt 00:00:07]} Nf6
{[%clk 00:50:26]} 5. f3 {[%clk 00:50:15]} {[%emt 00:00:21]} a6 {[%clk
00:50:21]} {[%emt 00:00:15]} 6. c4 {[%clk 00:50:17]} {[%emt 00:00:08]} e6
{[%clk 00:49:40]} {[%emt 00:00:51]} 7. Nc3 {[%clk 00:49:01]} {[%emt 00:01:26]}
Be7 {[%clk 00:49:20]} {[%emt 00:00:31]} 8. Be3 {[%clk 00:49:00]} {[%emt
00:00:10]} Bd7 {[%clk 00:48:45]} {[%emt 00:00:45]} 9. Be2 {[%clk 00:48:56]}
{[%emt 00:00:14]} Qc7 {[%clk 00:47:44]} {[%emt 00:01:11]} 10. O-O {[%clk
00:48:09]} {[%emt 00:00:57]} O-O {[%clk 00:47:29]} {[%emt 00:00:25]} 11. Rc1
{[%clk 00:48:03]} {[%emt 00:00:16]} Nc6 {[%clk 00:47:14]} {[%emt 00:00:26]} 12.
Nxc6 {[%clk 00:47:14]} {[%emt 00:00:58]} Bxc6 {[%clk 00:46:43]} {[%emt
00:00:40]} 13. Qd2 {[%clk 00:46:26]} {[%emt 00:00:59]} Rfd8 {[%clk 00:45:34]}
{[%emt 00:01:19]} 14. Qc2 {[%clk 00:44:46]} {[%emt 00:01:50]} d5 {[%clk
00:42:56]} {[%emt 00:02:49]} 15. cxd5 {[%clk 00:44:19]} {[%emt 00:00:37]} exd5
{[%clk 00:42:49]} {[%emt 00:00:15]} 16. exd5 {[%clk 00:42:52]} {[%emt
00:01:37]} Nxd5 {[%clk 00:40:42]} {[%emt 00:02:18]} 17. Nxd5 {[%clk 00:42:30]}
{[%emt 00:00:32]} Rxd5 {[%clk 00:40:40]} {[%emt 00:00:12]} 18. Bd3 {[%clk
00:42:01]} {[%emt 00:00:38]} h6 {[%clk 00:36:13]} {[%emt 00:04:38]} 19. Be4
{[%clk 00:41:04]} {[%emt 00:01:06]} Rd6 {[%clk 00:36:03]} {[%emt 00:00:20]} 20.
Bf4 {[%clk 00:40:49]} {[%emt 00:00:25]} Qb6+ {[%clk 00:35:56]} {[%emt
00:00:18]} 21. Kh1 {[%clk 00:40:16]} {[%emt 00:00:43]} Bxe4 {[%clk 00:35:07]}
{[%emt 00:00:58]} 22. Qxe4 {[%clk 00:40:11]} {[%emt 00:00:14]} Re6 {[%clk
00:34:51]} {[%emt 00:00:28]} 23. Qb1 {[%clk 00:39:37]} {[%emt 00:00:44]} Bc5
{[%clk 00:32:07]} {[%emt 00:02:53]} 24. Rfe1 {[%clk 00:37:34]} {[%emt
00:02:15]} Rae8 {[%clk 00:31:13]} {[%emt 00:01:04]} 25. Rxe6 {[%clk 00:37:09]}
{[%emt 00:00:34]} Rxe6 {[%clk 00:31:15]} {[%emt 00:00:07]} 26. Bd2 {[%clk
00:37:07]} {[%emt 00:00:14]} Re8 {[%clk 00:28:06]} {[%emt 00:03:18]} 27. Re1
{[%clk 00:36:07]} {[%emt 00:01:10]} Rxe1+ {[%clk 00:27:30]} {[%emt 00:00:45]}
28. Bxe1 {[%clk 00:36:12]} {[%emt 00:00:07]} Bb4 {[%clk 00:26:32]} {[%emt
00:01:08]} 29. Bxb4 {[%clk 00:36:12]} {[%emt 00:00:09]} Qxb4 {[%clk 00:26:14]}
{[%emt 00:00:28]} 30. Kg1 {[%clk 00:35:54]} {[%emt 00:00:29]} Qd4+ {[%clk
00:26:01]} {[%emt 00:00:22]} 31. Kf1 {[%clk 00:35:34]} {[%emt 00:00:31]} b5
{[%clk 00:25:34]} {[%emt 00:00:37]} 32. a3 {[%clk 00:34:19]} {[%emt 00:01:24]}
1/2-1/2

[Event "English Schools Championship Final 2024"]
[Site "Nottingham University Kings Meadow Campus, United Kingdom"]
[Date "2024.06.27"]
[Round "3.53"]
[White "Misra, Samarth"]
[Black "Fikhter, Valentine"]
[Result "1-0"]
[TimeControl "G50' + 10\" per move."]
[WhiteFideId "343441696"]
[WhiteElo "1508"]
[BlackElo "1436"]

1. e4 {[%clk 00:50:12]} {[%emt 00:00:07]} e6 {[%clk 00:50:15]} {[%emt
00:00:06]} 2. d4 {[%clk 00:50:01]} {[%emt 00:00:21]} d5 {[%clk 00:50:19]}
{[%emt 00:00:05]} 3. exd5 {[%clk 00:50:01]} {[%emt 00:00:10]} exd5 {[%clk
00:50:20]} {[%emt 00:00:10]} 4. c4 {[%clk 00:50:02]} {[%emt 00:00:09]} Nf6
{[%clk 00:50:00]} {[%emt 00:00:29]} 5. Nc3 {[%clk 00:49:00]} {[%emt 00:01:12]}
Bb4 {[%clk 00:49:16]} {[%emt 00:00:55]} 6. a3 {[%clk 00:48:32]} {[%emt
00:00:38]} Bxc3+ {[%clk 00:49:03]} {[%emt 00:00:23]} 7. bxc3 {[%clk 00:48:37]}
{[%emt 00:00:05]} Bf5 {[%clk 00:47:30]} {[%emt 00:01:42]} 8. cxd5 {[%clk
00:48:08]} {[%emt 00:00:39]} Nxd5 {[%clk 00:47:09]} {[%emt 00:00:31]} 9. c4
{[%clk 00:47:05]} {[%emt 00:01:13]} Ne7 {[%clk 00:45:04]} {[%emt 00:02:15]} 10.
Bd3 {[%clk 00:46:37]} {[%emt 00:00:38]} Qxd4 {[%clk 00:44:21]} {[%emt
00:00:52]} 11. Bxf5 {[%clk 00:44:12]} {[%emt 00:02:35]} Qxa1 {[%clk 00:42:47]}
{[%emt 00:01:45]} 12. Be4 {[%clk 00:43:39]} {[%emt 00:00:43]} Qe5 {[%clk
00:40:55]} {[%emt 00:02:03]} 13. Qe2 {[%clk 00:43:11]} {[%emt 00:00:37]} f5
{[%clk 00:40:20]} {[%emt 00:00:45]} 14. Bxb7 {[%clk 00:41:52]} {[%emt
00:01:30]} Ng6 {[%clk 00:33:52]} {[%emt 00:06:38]} 15. Qxe5+ {[%clk 00:41:14]}
{[%emt 00:00:47]} Nxe5 {[%clk 00:33:32]} {[%emt 00:00:30]} 16. Bxa8 {[%clk
00:40:38]} {[%emt 00:00:47]} Nd3+ {[%clk 00:33:15]} {[%emt 00:00:27]} 17. Kd2
{[%clk 00:39:55]} {[%emt 00:00:53]} Nxf2 {[%clk 00:32:26]} {[%emt 00:00:59]} 18.
Bf3 {[%clk 00:38:26]} {[%emt 00:01:39]} Nxh1 {[%clk 00:30:48]} {[%emt
00:01:47]} 19. Ke1 {[%clk 00:36:24]} {[%emt 00:02:13]} O-O {[%clk 00:29:08]}
{[%emt 00:01:49]} 20. Bd5+ {[%clk 00:35:50]} {[%emt 00:00:44]} Kh8 {[%clk
00:29:00]} {[%emt 00:00:19]} 21. g3 {[%clk 00:35:52]} {[%emt 00:00:07]} Nxg3
{[%clk 00:28:05]} {[%emt 00:01:05]} 22. hxg3 {[%clk 00:36:01]} {[%emt
00:00:02]} c6 {[%clk 00:26:37]} {[%emt 00:01:37]} 23. Bf3 {[%clk 00:35:40]}
{[%emt 00:00:31]} Re8+ {[%clk 00:25:57]} {[%emt 00:00:50]} 24. Kf2 {[%clk
00:35:21]} {[%emt 00:00:29]} Re6 {[%clk 00:24:36]} {[%emt 00:01:31]} 25. Be3
{[%clk 00:34:05]} {[%emt 00:01:26]} a6 {[%clk 00:23:18]} {[%emt 00:01:29]} 26.
c5 {[%clk 00:33:58]} {[%emt 00:00:17]} Nd7 {[%clk 00:22:12]} {[%emt 00:01:14]}
27. Ne2 {[%clk 00:33:02]} {[%emt 00:01:07]} Re5 {[%clk 00:19:28]} {[%emt
00:02:54]} 28. Bd4 {[%clk 00:29:17]} {[%emt 00:03:54]} Re6 {[%clk 00:17:41]}
{[%emt 00:01:58]} 29. Nf4 {[%clk 00:26:36]} {[%emt 00:02:51]} Rh6 {[%clk
00:16:52]} {[%emt 00:00:59]} 30. Nh5 {[%clk 00:24:02]} {[%emt 00:02:44]} Nf6
{[%clk 00:13:23]} {[%emt 00:03:40]} 31. Nxf6 {[%clk 00:23:34]} {[%emt
00:00:37]} gxf6 {[%clk 00:12:22]} {[%emt 00:01:11]} 32. Bxc6 {[%clk 00:23:27]}
{[%emt 00:00:17]} Kg8 {[%clk 00:09:58]} {[%emt 00:02:34]} 33. Bb7 {[%clk
00:23:15]} {[%emt 00:00:23]} Kf7 {[%clk 00:08:07]} {[%emt 00:02:00]} 34. c6
{[%clk 00:23:09]} {[%emt 00:00:16]} Rh2+ {[%clk 00:07:46]} {[%emt 00:00:32]} 35.
Ke3 {[%clk 00:22:35]} {[%emt 00:00:44]} Rc2 {[%clk 00:07:19]} {[%emt 00:00:36]}
36. Kd3 {[%clk 00:22:04]} {[%emt 00:00:41]} Rc1 {[%clk 00:06:37]} {[%emt
00:00:52]} 37. Kd2 {[%clk 00:22:11]} {[%emt 00:00:03]} Rc4 {[%clk 00:06:22]}
{[%emt 00:00:25]} 38. Kd3 {[%clk 00:21:59]} {[%emt 00:00:22]} Rc1 {[%clk
00:06:22]} {[%emt 00:00:11]} 39. Bc3 {[%clk 00:22:06]} {[%emt 00:00:03]} Rb1
{[%clk 00:05:03]} {[%emt 00:01:29]} 40. c7 {[%clk 00:21:55]} {[%emt 00:00:20]}
1-0

[Event "English Schools Championship Final 2024"]
[Site "Nottingham University Kings Meadow Campus, United Kingdom"]
[Date "2024.06.27"]
[Round "3.54"]
[White "Fielding, James"]
[Black "Burns, Luke"]
[Result "0-1"]
[TimeControl "G50' + 10\" per move."]
[WhiteElo "1521"]
[BlackElo "1358"]

1. d4 {[%clk 00:50:17]} {[%emt 00:00:03]} d5 {[%clk 00:50:12]} {[%emt
00:00:08]} 2. Nf3 {[%clk 00:50:21]} {[%emt 00:00:05]} Bf5 {[%clk 00:50:16]}
{[%emt 00:00:08]} 3. e3 {[%clk 00:50:19]} {[%emt 00:00:10]} e6 {[%clk
00:50:22]} {[%emt 00:00:05]} 4. Bd3 {[%clk 00:50:13]} {[%emt 00:00:17]} Bg6
{[%clk 00:50:24]} {[%emt 00:00:08]} 5. O-O {[%clk 00:49:45]} {[%emt 00:00:38]}
Bd6 {[%clk 00:50:23]} {[%emt 00:00:11]} 6. b3 {[%clk 00:49:34]} {[%emt
00:00:20]} Nd7 {[%clk 00:49:40]} {[%emt 00:00:53]} 7. Bb2 {[%clk 00:49:23]}
{[%emt 00:00:21]} Qe7 {[%clk 00:49:22]} {[%emt 00:00:28]} 8. Nbd2 {[%clk
00:48:12]} {[%emt 00:01:21]} e5 {[%clk 00:49:17]} {[%emt 00:00:16]} 9. dxe5
{[%clk 00:46:58]} {[%emt 00:01:23]} Nxe5 {[%clk 00:49:14]} {[%emt 00:00:13]} 10.
Nxe5 {[%clk 00:46:48]} {[%emt 00:00:19]} Bxe5 {[%clk 00:49:16]} {[%emt
00:00:09]} 11. Bxe5 {[%clk 00:46:42]} {[%emt 00:00:16]} Qxe5 {[%clk 00:49:20]}
{[%emt 00:00:06]} 12. Nf3 {[%clk 00:46:45]} {[%emt 00:00:07]} Qd6 {[%clk
00:49:15]} {[%emt 00:00:15]} 13. Qd2 {[%clk 00:44:42]} {[%emt 00:02:13]} Nf6
{[%clk 00:49:05]} {[%emt 00:00:20]} 14. Rfe1 {[%clk 00:44:07]} {[%emt
00:00:45]} Ne4 {[%clk 00:48:37]} {[%emt 00:00:38]} 15. Bxe4 {[%clk 00:42:39]}
{[%emt 00:01:39]} Bxe4 {[%clk 00:48:32]} {[%emt 00:00:14]} 16. Qd1 {[%clk
00:36:41]} {[%emt 00:06:08]} O-O-O {[%clk 00:46:35]} {[%emt 00:02:07]} 17. a4
{[%clk 00:35:48]} {[%emt 00:01:03]} Qf6 {[%clk 00:45:17]} {[%emt 00:01:28]} 18.
Nd2 {[%clk 00:33:53]} {[%emt 00:02:06]} h5 {[%clk 00:44:38]} {[%emt 00:00:49]}
19. Nxe4 {[%clk 00:33:47]} {[%emt 00:00:16]} dxe4 {[%clk 00:44:42]} {[%emt
00:00:06]} 20. Qe2 {[%clk 00:33:36]} {[%emt 00:00:20]} Qc3 {[%clk 00:44:19]}
{[%emt 00:00:30]} 21. Rad1 {[%clk 00:32:24]} {[%emt 00:01:25]} f5 {[%clk
00:44:04]} {[%emt 00:00:26]} 22. Rxd8+ {[%emt 00:01:44]} Rxd8 {[%emt 00:00:09]}
23. Rd1 {[%clk 00:30:31]} {[%emt 00:00:09]} g6 {[%clk 00:43:25]} {[%emt
00:00:49]} 24. Rxd8+ {[%clk 00:29:26]} {[%emt 00:01:15]} Kxd8 {[%clk 00:43:30]}
{[%emt 00:00:05]} 25. Qd1+ {[%clk 00:29:29]} {[%emt 00:00:07]} Kc8 {[%clk
00:43:23]} {[%emt 00:00:17]} 26. h3 {[%clk 00:29:13]} {[%emt 00:00:26]} h4
{[%clk 00:43:08]} {[%emt 00:00:25]} 27. Qe2 {[%clk 00:23:10]} {[%emt 00:06:13]}
c6 {[%clk 00:41:52]} {[%emt 00:01:26]} 28. Kh2 {[%clk 00:22:44]} {[%emt
00:00:36]} Kc7 {[%clk 00:41:40]} {[%emt 00:00:23]} 29. Qd1 {[%clk 00:20:53]}
{[%emt 00:02:00]} a5 {[%clk 00:40:55]} {[%emt 00:00:55]} 30. Qe2 {[%clk
00:15:42]} {[%emt 00:05:21]} Kd6 {[%clk 00:40:45]} {[%emt 00:00:21]} 31. Qd1+
{[%clk 00:15:10]} {[%emt 00:00:42]} Kc5 {[%clk 00:40:49]} {[%emt 00:00:06]} 32.
Qe2 {[%clk 00:14:44]} {[%emt 00:00:34]} Kb4 {[%clk 00:40:53]} {[%emt 00:00:07]}
33. Qd1 {[%clk 00:13:01]} {[%emt 00:01:51]} Ka3 {[%clk 00:38:39]} {[%emt
00:02:26]} 34. Qd6+ {[%clk 00:10:38]} {[%emt 00:02:34]} Qb4 {[%clk 00:38:36]}
{[%emt 00:01:32]} 35. Qxg6 {[%clk 00:12:13]} {[%emt 00:00:20]} Qc5 {[%clk
00:37:29]} {[%emt 00:01:15]} 36. Qe6 {[%clk 00:10:22]} {[%emt 00:02:02]} Kb2
{[%clk 00:37:15]} {[%emt 00:00:24]} 37. Qc4 {[%clk 00:06:16]} {[%emt 00:04:16]}
Qd6 {[%clk 00:31:29]} {[%emt 00:05:53]} 38. Kg1 {[%clk 00:05:17]} {[%emt
00:01:12]} Qd1+ {[%clk 00:30:21]} {[%emt 00:01:18]} 39. Kh2 {[%clk 00:05:14]}
{[%emt 00:00:13]} Qd6 {[%clk 00:30:15]} {[%emt 00:00:16]} 40. Kg1 {[%clk
00:02:58]} {[%emt 00:02:26]} c5 {[%clk 00:27:17]} {[%emt 00:03:08]} 41. Qe2
{[%clk 00:02:25]} {[%emt 00:00:44]} Ka3 {[%clk 00:23:40]} {[%emt 00:03:47]} 42.
Qc4 {[%clk 00:01:57]} {[%emt 00:00:37]} b6 {[%clk 00:23:06]} {[%emt 00:00:44]}
43. Qc3 {[%clk 00:01:39]} {[%emt 00:00:27]} Ka2 {[%clk 00:22:38]} {[%emt
00:00:38]} 44. Qg7 {[%clk 00:01:00]} {[%emt 00:00:51]} Qd1+ {[%clk 00:22:25]}
{[%emt 00:00:20]} 45. Kh2 {[%clk 00:01:07]} {[%emt 00:00:06]} Qxc2 {[%clk
00:22:20]} {[%emt 00:00:14]} 46. Qe5 {[%clk 00:00:40]} {[%emt 00:00:38]} Qxf2
{[%clk 00:22:02]} {[%emt 00:00:28]} 47. Qc3 {[%clk 00:00:23]} {[%emt 00:00:27]}
Kb1 {[%clk 00:19:08]} {[%emt 00:03:03]} 48. Qc4 {[%clk 00:00:11]} {[%emt
00:00:22]} Qxe3 {[%clk 00:18:36]} {[%emt 00:00:42]} 49. Qf1+ {[%clk 00:00:20]}
{[%emt 00:00:02]} Ka2 {[%clk 00:17:59]} {[%emt 00:00:45]} 50. Qxf5 {[%clk
00:00:22]} {[%emt 00:00:09]} Kxb3 {[%clk 00:17:39]} {[%emt 00:00:30]} 51. Qd5+
{[%clk 00:00:15]} {[%emt 00:00:17]} Kxa4 {[%clk 00:17:01]} {[%emt 00:00:48]} 52.
Qc4+ {[%clk 00:00:24]} {[%emt 00:00:01]} Ka3 {[%clk 00:16:55]} {[%emt
00:00:16]} 53. Qc1+ {[%clk 00:00:32]} {[%emt 00:00:03]} Qxc1 {[%clk 00:16:42]}
{[%emt 00:00:21]} 0-1

[Event "English Schools Championship Final 2024"]
[Site "Nottingham University Kings Meadow Campus, United Kingdom"]
[Date "2024.06.27"]
[Round "3.55"]
[White "Misra, Advay"]
[Black "Tombolis, Christopher"]
[Result "0-1"]
[TimeControl "G50' + 10\" per move."]
[WhiteFideId "343436161"]
[BlackFideId "433691"]
[WhiteElo "1533"]
[BlackElo "2088"]

1. e4 {[%clk 00:50:17]} {[%emt 00:00:03]} c5 {[%clk 00:50:19]} {[%emt
00:00:01]} 2. Nf3 {[%clk 00:50:20]} {[%emt 00:00:07]} Nc6 {[%clk 00:50:25]}
{[%emt 00:00:05]} 3. c3 {[%clk 00:50:26]} {[%emt 00:00:03]} g6 {[%clk
00:49:37]} {[%emt 00:00:58]} 4. d4 {[%clk 00:50:16]} {[%emt 00:00:21]} cxd4
{[%clk 00:49:42]} {[%emt 00:00:05]} 5. cxd4 {[%clk 00:50:20]} {[%emt 00:00:05]}
Bg7 {[%clk 00:47:57]} {[%emt 00:01:55]} 6. Nc3 {[%clk 00:50:13]} {[%emt
00:00:17]} d6 {[%clk 00:47:51]} {[%emt 00:00:17]} 7. Bb5 {[%clk 00:49:18]}
{[%emt 00:01:05]} Bd7 {[%clk 00:47:55]} {[%emt 00:00:07]} 8. O-O {[%clk
00:48:03]} {[%emt 00:01:24]} Nf6 {[%clk 00:47:40]} {[%emt 00:00:25]} 9. d5
{[%clk 00:46:30]} {[%emt 00:01:42]} Nb8 {[%clk 00:47:43]} {[%emt 00:00:08]} 10.
Bc4 {[%clk 00:46:23]} {[%emt 00:00:17]} O-O {[%clk 00:47:42]} {[%emt 00:00:10]}
11. Be3 {[%clk 00:45:03]} {[%emt 00:01:29]} Ng4 {[%clk 00:47:41]} {[%emt
00:00:12]} 12. Bf4 {[%clk 00:43:52]} {[%emt 00:01:20]} f5 {[%clk 00:45:11]}
{[%emt 00:02:41]} 13. Bg3 {[%clk 00:41:15]} {[%emt 00:02:46]} f4 {[%clk
00:44:05]} {[%emt 00:01:18]} 14. Bh4 {[%clk 00:41:17]} {[%emt 00:00:07]} Ne5
{[%clk 00:44:11]} {[%emt 00:00:06]} 15. Nxe5 {[%clk 00:39:19]} {[%emt
00:02:07]} Bxe5 {[%clk 00:44:16]} {[%emt 00:00:05]} 16. Qb3 {[%clk 00:39:13]}
{[%emt 00:00:16]} Qc8 {[%clk 00:40:12]} {[%emt 00:04:14]} 17. Bxe7 {[%clk
00:38:30]} {[%emt 00:00:53]} Rf7 {[%clk 00:40:22]} 18. Bh4 {[%clk 00:38:14]}
{[%emt 00:00:25]} Bh3 {[%clk 00:39:24]} {[%emt 00:01:09]} 19. Be2 {[%clk
00:36:02]} {[%emt 00:02:21]} g5 {[%clk 00:33:44]} {[%emt 00:05:49]} 20. Nb5
{[%clk 00:33:04]} {[%emt 00:03:09]} f3 {[%clk 00:32:52]} {[%emt 00:01:03]} 21.
Bxf3 {[%clk 00:30:41]} {[%emt 00:02:32]} gxh4 {[%clk 00:32:46]} {[%emt
00:00:16]} 22. Rfc1 {[%clk 00:29:41]} {[%emt 00:01:09]} Qf8 {[%clk 00:31:52]}
{[%emt 00:01:05]} 23. Nc7 {[%clk 00:28:39]} {[%emt 00:01:13]} Na6 {[%clk
00:17:21]} {[%emt 00:14:41]} 24. Nxa8 {[%clk 00:27:55]} {[%emt 00:00:53]} Nc5
{[%clk 00:17:23]} {[%emt 00:00:08]} 25. Qa3 {[%clk 00:25:50]} {[%emt 00:02:15]}
Qxa8 {[%clk 00:11:36]} {[%emt 00:05:57]} 26. gxh3 {[%clk 00:24:01]} {[%emt
00:01:59]} Qf8 {[%clk 00:11:27]} {[%emt 00:00:20]} 27. Bg2 {[%clk 00:20:49]}
{[%emt 00:03:21]} Rg7 {[%clk 00:08:14]} {[%emt 00:03:23]} 28. Kf1 {[%clk
00:17:38]} {[%emt 00:03:20]} Bd4 {[%clk 00:04:51]} {[%emt 00:03:34]} 29. Rc2
{[%clk 00:16:05]} {[%emt 00:01:43]} Rf7 {[%clk 00:05:00]} {[%emt 00:00:01]} 30.
f3 {[%clk 00:16:01]} {[%emt 00:00:14]} Nxe4 {[%clk 00:04:19]} {[%emt 00:00:51]}
31. Qd3 {[%clk 00:14:37]} {[%emt 00:01:33]} Rf4 {[%clk 00:04:28]} {[%emt
00:00:02]} 32. Ke2 {[%clk 00:13:26]} {[%emt 00:01:22]} Nc5 {[%clk 00:03:59]}
{[%emt 00:00:39]} 33. Qa3 {[%clk 00:08:58]} {[%emt 00:04:37]} Qf5 {[%clk
00:01:55]} {[%emt 00:02:14]} 34. Rac1 {[%clk 00:07:43]} {[%emt 00:01:26]} Re4+
{[%clk 00:01:00]} {[%emt 00:01:04]} 35. Kd1 {[%clk 00:04:50]} {[%emt 00:03:03]}
Re3 {[%clk 00:01:03]} {[%emt 00:00:08]} 36. Qxa7 {[%clk 00:04:09]} {[%emt
00:00:50]} Rd3+ {[%clk 00:00:46]} {[%emt 00:00:28]} 37. Rd2 {[%clk 00:04:18]}
Rxd2+ {[%clk 00:00:53]} {[%emt 00:00:03]} 38. Kxd2 {[%clk 00:03:45]} {[%emt
00:00:42]} Qd3+ {[%clk 00:01:01]} {[%emt 00:00:02]} 39. Ke1 {[%clk 00:03:45]}
{[%emt 00:00:07]} Qe3+ {[%clk 00:01:08]} {[%emt 00:00:06]} 40. Kd1 {[%clk
00:03:45]} {[%emt 00:00:10]} Qd3+ {[%clk 00:01:15]} {[%emt 00:00:03]} 41. Ke1
{[%clk 00:03:36]} {[%emt 00:00:18]} Qe3+ {[%clk 00:01:24]} {[%emt 00:00:02]} 42.
Kd1 {[%clk 00:03:43]} {[%emt 00:00:03]} Qg1+ {[%clk 00:01:33]} {[%emt
00:00:01]} 43. Ke2 {[%clk 00:03:36]} {[%emt 00:00:17]} Qxg2+ {[%clk 00:01:40]}
{[%emt 00:00:02]} 44. Kd1 {[%clk 00:03:37]} {[%emt 00:00:08]} Qxf3+ {[%clk
00:01:34]} {[%emt 00:00:18]} 45. Kd2 {[%clk 00:03:14]} {[%emt 00:00:34]} Ne4+
{[%emt 00:00:34]} 0-1

[Event "English Schools Championship Final 2024"]
[Site "Nottingham University Kings Meadow Campus, United Kingdom"]
[Date "2024.06.27"]
[Round "3.56"]
[White "Zhao, Haolin"]
[Black "Mussa, Rayyan"]
[Result "1-0"]
[TimeControl "G50' + 10\" per move."]
[WhiteFideId "428680"]
[BlackFideId "343422225"]
[WhiteElo "1968"]
[BlackElo "1599"]

1. e4 {[%clk 00:50:17]} {[%emt 00:00:03]} c5 {[%clk 00:50:10]} {[%emt
00:00:10]} 2. Nc3 {[%clk 00:50:24]} {[%emt 00:00:03]} Nc6 {[%clk 00:49:48]}
{[%emt 00:00:29]} 3. f4 {[%clk 00:50:32]} {[%emt 00:00:06]} d6 {[%clk
00:49:40]} {[%emt 00:00:18]} 4. Nf3 {[%clk 00:50:32]} {[%emt 00:00:10]} Nf6
{[%clk 00:49:25]} {[%emt 00:00:25]} 5. Bb5 {[%clk 00:50:36]} {[%emt 00:00:06]}
g6 {[%clk 00:49:29]} {[%emt 00:00:07]} 6. O-O {[%clk 00:50:33]} {[%emt
00:00:12]} Bg7 {[%clk 00:49:33]} {[%emt 00:00:05]} 7. d3 {[%clk 00:50:39]}
{[%emt 00:00:05]} O-O {[%clk 00:49:39]} {[%emt 00:00:04]} 8. Qe1 {[%clk
00:50:40]} {[%emt 00:00:09]} a6 {[%clk 00:49:32]} {[%emt 00:00:17]} 9. Bxc6
{[%clk 00:50:45]} {[%emt 00:00:05]} bxc6 {[%clk 00:49:17]} {[%emt 00:00:24]} 10.
Qh4 {[%clk 00:50:44]} {[%emt 00:00:11]} Rb8 {[%clk 00:48:50]} {[%emt 00:00:38]}
11. Rb1 {[%clk 00:50:30]} {[%emt 00:00:24]} Be6 {[%clk 00:48:34]} {[%emt
00:00:26]} 12. f5 {[%clk 00:50:27]} {[%emt 00:00:13]} gxf5 {[%clk 00:48:22]}
{[%emt 00:00:21]} 13. Bh6 {[%clk 00:50:33]} {[%emt 00:00:05]} Bxh6 {[%clk
00:47:48]} {[%emt 00:00:43]} 14. Qxh6 {[%clk 00:50:35]} {[%emt 00:00:08]} fxe4
{[%clk 00:47:46]} {[%emt 00:00:12]} 15. Ng5 {[%clk 00:50:37]} {[%emt 00:00:09]}
Re8 {[%clk 00:45:47]} {[%emt 00:02:08]} 16. Ncxe4 {[%clk 00:49:59]} {[%emt
00:00:49]} Bxa2 {[%clk 00:44:08]} {[%emt 00:01:48]} 17. Rbe1 {[%clk 00:49:33]}
{[%emt 00:00:37]} Bd5 {[%clk 00:43:26]} {[%emt 00:00:52]} 18. Nxf6+ {[%clk
00:49:35]} {[%emt 00:00:08]} exf6 {[%clk 00:42:14]} {[%emt 00:01:22]} 19. Qxh7+
{[%clk 00:49:39]} {[%emt 00:00:06]} Kf8 {[%clk 00:41:36]} {[%emt 00:00:47]} 20.
Qh8# {[%clk 00:49:43]} {[%emt 00:00:07]} 1-0